Leader xxxxxxxxxx
001 __ PCLIS00041946
005 __ 20080804104547.0
008 __ chi
010 0_ |a9789861464190|b下卷 : 平裝|dNT$240
010 0_ |a9789861464206|b下卷 : 平裝|dNT$240
020 __ |atw|b96021550
050 __ |a001882621
100 __ |a20080509d2008 m y0chiy09 e
101 0_ |achi
102 __ |atw
105 __ |ay z 000ay
200 1_ |a東廠與西廠|e中國歷史上第一個皇家特務機構|f東方明著
205 __ |a初版
210 __ |a臺北市|c風雲時代出版|a臺北縣新店市|c成信文化總經銷|d2008.01
215 0_ |a2冊|c|d21公分
225 1_ |a風雲歷史文學|v
260 1_ |a2008
300 __ |a上卷,西廠|a下卷,東廠
327 1_ |a上卷, 西廠|a下卷, 東廠
463 _0 |12001 |a西廠
463 _0 |12001 |a東廠
517 1_ |a中國歷史上第一個皇家特務機構|zchi
606 __ |2csh|a中國小說|x長篇
681 __ |a857.7|b8755|v2007年版
700 _1 |a東方|b明|c(中國文學, 1950-)|4
702 __ |a|b|4
801 _0 |atw|bCIP|c20071102|gCCR
801 _1 |atw|bCIP|c20071102|gCCR
801 _2 |atw|b國圖|c20080804|gCCR
|